Представление документа в формате MARC21

ПолеНазваниеЗначение
  Тип записи a
  Библиографический уровень m
001 Контрольный номер RU\infra-m\znanium\bibl\2108585
005 Дата корректировки 20260429142158.0
008 Кодируемые данные 260105s2026 RU g rus u
020 Индекс ISBN __
a ISBN 978-5-16-015895-2
020 Индекс ISBN __
a ISBN 978-5-16-109665-9 (электр. издание)
040 Источник каталогиз. __
a Служба первич. каталог. Общество с ограниченной ответственностью «ЗНАНИУМ»
041 Код языка издания __
a Код языка текста rus
044 Код страны публикации __
a Код страны публикации RU
080 Индекс УДК __
a Индекс УДК 658.7(075.32)
084 Индекс другой классификации/Индекс ББК __
2 Источник индекса rubbk
a Индекс другой классификации/Индекс ББК 65.40я723
084 Индекс другой классификации/Индекс ББК __
2 Источник индекса okso
a Индекс другой классификации/Индекс ББК 23.02.01
084 Индекс другой классификации/Индекс ББК __
2 Источник индекса okso
a Индекс другой классификации/Индекс ББК 38.02.03
084 Индекс другой классификации/Индекс ББК __
2 Источник индекса okso
a Индекс другой классификации/Индекс ББК 38.02.08
100 Автор __
a Автор Нагапетьянц Н.А.
q Полное имя Нагапетьянц Нестер Акопович
u Дополнение Финансовый университет при Правительстве Российской Федерации
245 Заглавие __
a Заглавие Коммерческая логистика
b Продолж. заглавия Учебное пособие; Учебное пособие
c Ответственность Финансовый университет при Правительстве Российской Федерации; Московский авиационный институт (национальный исследовательский университет); Альфа-Банк; Финансовый университет при Правительстве Российской Федерации, Тульский ф-л
250 Сведения об издании __
g испр. и доп.
a Основные сведения об издании 2
260 Выходные данные __
a Место издания Москва
b Издательство ООО "Научно-издательский центр ИНФРА-М"
c Дата издания 2026
300 Физическое описание __
a Объем 259 с.
440 Серия __
a Серия Среднее профессиональное образование
520 Аннотация __
a Аннотация Учебное пособие знакомит будущих специалистов с теоретическими основами и содержанием дисциплины «Коммерческая логистика». Раскрыты основы организации и управления материальными потоками на промышленных предприятиях и в сфере обращения. Приведены теоретические основы коммерческой логистики рассмотрены понятийный аппарат и функциональные области применения коммерческой логистики. Для студентов учреждений среднего профессионального образования обучающихся по экономическим специальностям а также специалистов-логистов.
521 Примеч. о цел. назн. __
a Примеч. о целев. назн. Среднее профессиональное образование
650 Тематические рубрики __
a Основная рубрика Управление (менеджмент)
x Основная подрубрика Логистика
655 Указ. предметных рубрик (устаревшее) __
a Жанр/ форма (устаревшее) Учебное пособие
700 Другие авторы __
a Другие авторы Каменева Н.Г.
q Полное имя Каменева Нина Григорьевна
u Дополнение Московский авиационный институт (национальный исследовательский университет)
700 Другие авторы __
a Другие авторы Поляков В.А.
q Полное имя Поляков Владимир Александрович
u Дополнение Финансовый университет при Правительстве Российской Федерации, Тульский ф-л
700 Другие авторы __
a Другие авторы Синяев В.В.
q Полное имя Синяев Василий Владимирович
u Дополнение Финансовый университет при Правительстве Российской Федерации
700 Другие авторы __
a Другие авторы Нагапетьянц Р.Н.
q Полное имя Нагапетьянц Рафаэль Нестерович
u Дополнение Альфа-Банк
700 Другие авторы __
a Другие авторы Кетнер И.А.
q Полное имя Кетнер Инна Александровна
u Дополнение Финансовый университет при Правительстве Российской Федерации
700 Другие авторы __
a Другие авторы Нагапетьянц Н.А.
q Полное имя Нагапетьянц Нестер Акопович
u Дополнение Финансовый университет при Правительстве Российской Федерации
856 Электронный адрес документа 4_
a Имя сервера/домена znanium.ru
m Помощь ebs_support@infra-m.ru
n Местонахождение сервера НИЦ ИНФРА-М
u URL https://znanium.ru/catalog/document?id=476076
856 Электронный адрес документа 48
a Имя сервера/домена znanium.ru
d Путь /cover/2108
f Электронное имя 2108585.jpg
q Тип электронного формата image/jpeg
u URL https://znanium.ru/cover/2108/2108585.jpg
911 __
u 0030=https://znanium.ru/catalog/document?id=476076
911 __
u 712a=Московский авиационный институт (национальный исследовательский университет)
911 __
u 712a=Альфа-Банк
911 __
u 712a=Финансовый университет при Правительстве Российской Федерации, Тульский ф-л